Carolina Hurricanes Roster 24-25 - Statistics

General Stats
  • This quiz has been taken 119 times
    31 since last reset
  • The average score is 18 of 27
Answer Stats
# Answer % Correct
20 Sebastian Aho
100%
24 Seth Jarvis
96%
37 Andrei Svechnikov
88%
11 Jordan Staal
88%
31 Frederick Andersen
83%
74 Jaccob Slavin
83%
5 Jalen Chatfield
83%
48 Jordan Martinook
83%
71 Taylor Hall
83%
8 Brent Burns
79%
7 Dmitry Orlov
79%
52 Pyotr Kochetkov
79%
4 Shayne Gostisbehere
79%
53 Jackson Blake
75%
82 Jesperi Kotkaniemi
75%
22 Logan Stankoven
71%
50 Eric Robinson
67%
21 Alexander Nikishin
63%
96 Jack Roslovic
63%
77 Mark Jankowski
50%
56 Scott Morrow
50%
27 Tyson Jost
50%
28 William Carrier
50%
26 Sean Walker
42%
61 Riley Stillman
33%
42 Ty Smith
29%
54 Juha Jaaska
25%
No matching quizzes found
Score Distribution
Percent of People with Each Score
Percentile by Number Answered
Your Score History
You have not taken this quiz since the last reset